Language and identity in the European context – a holistic approach to language teaching
Vznik nového programu a neskôr novej fakulty - Faculty of Applied Languages, na Ekonomickej univerzite v Bratislave. Nové študijné programy, nové kurzy. Aplikované jazyky a interkultúrna komunikácia. Význam výučby cudzích jazykov pre celospoločenské dianie. Národná identita. Európska konvergencia. V...
Na minha lista:
| Autor principal: | |
|---|---|
| Formato: | Capítulo de Livro |
| Idioma: | inglês |
| Assuntos: | |
| Tags: |
Sem tags, seja o primeiro a adicionar uma tag!
|
MARC
| LEADER | 00000nla$a2200000$$$4500 | ||
|---|---|---|---|
| 001 | 0124329 | ||
| 005 | 20240502072414.4 | ||
| 041 | 0 | |a eng | |
| 044 | |a SK | ||
| 245 | 1 | 0 | |a Language and identity in the European context – a holistic approach to language teaching |c Tatiana Hrivíková |
| 520 | |a Vznik nového programu a neskôr novej fakulty - Faculty of Applied Languages, na Ekonomickej univerzite v Bratislave. Nové študijné programy, nové kurzy. Aplikované jazyky a interkultúrna komunikácia. Význam výučby cudzích jazykov pre celospoločenské dianie. Národná identita. Európska konvergencia. Viacjazyčnosť. | ||
| 610 | 2 | 0 | |a jazyky cudzie |
| 610 | 2 | 0 | |a identita |
| 610 | 2 | 0 | |a civilizácia |
| 610 | 2 | 0 | |a konvergencia |
| 610 | 2 | 0 | |a vzdelávanie vysokoškolské |
| 610 | 2 | 0 | |a programy študijné |
| 610 | 2 | 0 | |a Európa |
| 100 | 1 | |a Hrivíková, Tatiana, 1959- | |